000 00871nab a2200253 u 4500
001 17885
003 HDC
007 cr bn ---aaaaa
008 210225c20100528xx dr|noo 0 a eng d
040 _aHDC
100 _aConstantine, Zoe
_eauthor
_917053
245 0 _aMiddle East suffering from obesity and under-nutrition at same time / by
_cZoe Constantine
260 _a[No place] :
_b[publisher not identified],
_c2010
336 _atext
_2rdacontent
337 _acomputer
_2rdamedia
338 _aonline resource
_2rdacarrier
650 _amalnutrition
_917055
650 _aobesity problem
_917054
710 _aHalal focus
856 _zRequest full-text at [email protected]
942 _2lcc
942 _cNEWS
942 _kNWSO 005984
999 _c15201
_d15201